Už po ôsmykrát súťažili žiaci stredných škôl o "Zlatý pohár Linde"

Podrobná bibliografia
Médium: Článok
Jazyk:Slovak
Témy:
Zdroj: 1. Zváranie 1. 0044-5525 1. Roč. 53, č. 6-7 (2004), s. 171-172
LEADER 00704nab#a2200253#ar4500
001 000049813
003 SVKKK
005 20041008094145.0
008 041008c2004 xo e slo
FMT
038 |a SVKKK 
040 |a SVKKK  |b slo  |e AACR2 
041 0 |a slo 
044 |a xo  |c SK 
080 |a 621.74:06.063  |2 1997 
245 0 0 |a Už po ôsmykrát súťažili žiaci stredných škôl o "Zlatý pohár Linde" 
300 |b Fotogr. 
611 2 4 |a Zlatý pohár Linde  |x súťaž stredoškolská  |n (8. :  |c Frýdek-Místek, Česko  |d 20.-21. 4.2004) 
773 0 |t Zváranie  |x 0044-5525  |g Roč. 53, č. 6-7 (2004), s. 171-172 
974 |a MI 
992 |a RBX 
BAS
852 |a SVKKK  |b BIB 
998 |a HUT